<?xml version="1.0" encoding="UTF-8"?>
<record
    xmlns:xsi="http://www.w3.org/2001/XMLSchema-instance"
    xsi:schemaLocation="http://www.loc.gov/MARC21/slim http://www.loc.gov/standards/marcxml/schema/MARC21slim.xsd"
    xmlns="http://www.loc.gov/MARC21/slim">

  <leader>01343nam0a22002771  4500</leader>
  <controlfield tag="001">rc\116550</controlfield>
  <controlfield tag="005">20260406123829.0</controlfield>
  <datafield tag="010" ind1=" " ind2=" ">
    <subfield code="a">5-88044-071-0</subfield>
    <subfield code="b">&#x41C;&#x430;&#x43B;&#x43E;&#x435; &#x43D;&#x430;&#x443;&#x447;.-&#x43F;&#x440;&#x43E;&#x438;&#x437;&#x432;. &#x43F;&#x440;&#x435;&#x434;&#x43F;&#x440;&#x438;&#x44F;&#x442;&#x438;&#x435; "&#x413;&#x435;&#x43D;&#x434;&#x430;&#x43B;&#x44C;&#x444;"</subfield>
    <subfield code="9">1000</subfield>
  </datafield>
  <datafield tag="035" ind1=" " ind2=" ">
    <subfield code="a">(NLR Aleph) 005375156</subfield>
  </datafield>
  <datafield tag="090" ind1=" " ind2=" ">
    <subfield code="a">7041634</subfield>
    <subfield code="c">7041634</subfield>
  </datafield>
  <datafield tag="100" ind1=" " ind2=" ">
    <subfield code="a">20021216d1995    |||y0rusy50      ca</subfield>
  </datafield>
  <datafield tag="101" ind1="0" ind2=" ">
    <subfield code="a">rus</subfield>
  </datafield>
  <datafield tag="102" ind1=" " ind2=" ">
    <subfield code="a">RU</subfield>
  </datafield>
  <datafield tag="105" ind1=" " ind2=" ">
    <subfield code="a">y   |||||||||</subfield>
  </datafield>
  <datafield tag="200" ind1="1" ind2=" ">
    <subfield code="a">&#x41B;&#x438;&#x446;&#x43E;&#x43C; &#x43A; &#x43B;&#x438;&#x446;&#x443;</subfield>
    <subfield code="e">&#x420;&#x435;&#x43B;&#x438;&#x433;. &#x434;&#x438;&#x430;&#x43B;&#x43E;&#x433;</subfield>
    <subfield code="e">&#x41C;&#x435;&#x436;&#x434;&#x443;&#x43D;&#x430;&#x440;. &#x43A;&#x43E;&#x43D;&#x444;., &#x41C;&#x43E;&#x441;&#x43A;&#x432;&#x430;, &#x414;&#x43E;&#x43C; &#x443;&#x447;&#x435;&#x43D;&#x44B;&#x445; &#x420;&#x43E;&#x441;. &#x410;&#x41D;, 7-9 &#x441;&#x435;&#x43D;&#x442;. 1993 &#x433;.</subfield>
    <subfield code="e">[&#x41C;&#x430;&#x442;&#x435;&#x440;&#x438;&#x430;&#x43B;&#x44B;</subfield>
    <subfield code="f">&#x420;&#x435;&#x434;. &#x420;. &#x424;&#x430;&#x439;&#x43D;&#x431;&#x435;&#x440;&#x433;]</subfield>
  </datafield>
  <datafield tag="210" ind1=" " ind2=" ">
    <subfield code="a">&#x41C;.</subfield>
    <subfield code="c">&#x41F;&#x430;&#x440;&#x442;&#x438;&#x44F; "&#x414;&#x435;&#x43C;&#x43E;&#x43A;&#x440;. &#x432;&#x44B;&#x431;&#x43E;&#x440; &#x420;&#x43E;&#x441;&#x441;&#x438;&#x438;"</subfield>
    <subfield code="d">1995</subfield>
  </datafield>
  <datafield tag="215" ind1=" " ind2=" ">
    <subfield code="a">131, [1] &#x441;.</subfield>
    <subfield code="d">28</subfield>
  </datafield>
  <datafield tag="300" ind1=" " ind2=" ">
    <subfield code="a">&#x412; &#x43D;&#x430;&#x434;&#x437;&#x430;&#x433;.: &#x412;&#x441;&#x435;&#x43C;&#x438;&#x440;. &#x435;&#x432;&#x440;. &#x43A;&#x43E;&#x43D;&#x433;&#x440;., &#x412;&#x441;&#x435;&#x43C;&#x438;&#x440;. &#x440;&#x443;&#x441;. &#x441;&#x43E;&#x431;&#x43E;&#x440;, &#x418;&#x441;&#x43B;&#x430;&#x43C;. &#x446;&#x435;&#x43D;&#x442;&#x440;, &#x41C;&#x435;&#x436;&#x434;&#x443;&#x43D;&#x430;&#x440;. &#x444;&#x43E;&#x43D;&#x434; "&#x41A;&#x443;&#x43B;&#x44C;&#x442;&#x443;&#x440;&#x430; &#x438; &#x431;&#x443;&#x434;&#x443;&#x449;&#x435;&#x435; &#x420;&#x43E;&#x441;&#x441;&#x438;&#x438;", &#x41C;&#x435;&#x436;&#x434;&#x443;&#x43D;&#x430;&#x440;. &#x43D;&#x435;&#x43F;&#x440;&#x430;&#x432;&#x438;&#x442;&#x435;&#x43B;&#x44C;&#x441;&#x442;&#x432;. &#x43E;&#x440;&#x433;. "&#x420;&#x43E;&#x441;. &#x43A;&#x43B;&#x443;&#x431;", &#x412;&#x410;&#x410;&#x414; &#x420;&#x43E;&#x441;&#x441;&#x438;&#x438;</subfield>
  </datafield>
  <datafield tag="300" ind1=" " ind2=" ">
    <subfield code="a">&#x420;&#x435;&#x437;. &#x434;&#x43E;&#x43A;&#x43B;.: &#x430;&#x43D;&#x433;&#x43B;.</subfield>
  </datafield>
  <datafield tag="702" ind1=" " ind2="1">
    <subfield code="a">&#x424;&#x430;&#x439;&#x43D;&#x431;&#x435;&#x440;&#x433;</subfield>
    <subfield code="b">&#x420;.</subfield>
    <subfield code="4">340</subfield>
  </datafield>
  <datafield tag="712" ind1="0" ind2="2">
    <subfield code="a">&#x412;&#x441;&#x435;&#x43C;&#x438;&#x440;&#x43D;&#x44B;&#x439; &#x435;&#x432;&#x440;&#x435;&#x439;&#x441;&#x43A;&#x438;&#x439; &#x43A;&#x43E;&#x43D;&#x433;&#x440;&#x435;&#x441;&#x441;</subfield>
    <subfield code="3">RU\NLR\AUTH\8816686</subfield>
    <subfield code="9">306618</subfield>
  </datafield>
  <datafield tag="801" ind1=" " ind2="0">
    <subfield code="a">RU</subfield>
    <subfield code="b">NLR</subfield>
    <subfield code="g">psbo</subfield>
  </datafield>
  <datafield tag="801" ind1=" " ind2="1">
    <subfield code="a">RU</subfield>
    <subfield code="b">ELAR</subfield>
    <subfield code="2">rusmarc</subfield>
  </datafield>
  <datafield tag="852" ind1=" " ind2=" ">
    <subfield code="a">NLR</subfield>
    <subfield code="j">95-8/523</subfield>
  </datafield>
  <datafield tag="942" ind1=" " ind2=" ">
    <subfield code="c">BOOK</subfield>
  </datafield>
  <datafield tag="980" ind1=" " ind2=" ">
    <subfield code="a">NB</subfield>
  </datafield>
  <datafield tag="995" ind1=" " ind2=" ">
    <subfield code="5">2013-10-26</subfield>
    <subfield code="b">NLR01</subfield>
    <subfield code="c">NLR01</subfield>
    <subfield code="e">RF8</subfield>
    <subfield code="f">5375156-10</subfield>
    <subfield code="k">95-8/523</subfield>
    <subfield code="o">0</subfield>
    <subfield code="r">BOOK</subfield>
    <subfield code="s">958523_</subfield>
  </datafield>
</record>
